| 000 | 005370000a22002050004500 | ||
|---|---|---|---|
| 003 | LK-CoMWRAF | ||
| 005 | 20231102130218.0 | ||
| 008 | 230817t1999 ||||| |||| 00| 0 eng d | ||
| 040 |
_aLK-CoMWRAF _dLK-CoMWRAF _eLK-CoMWRAF |
||
| 041 | _aeng | ||
| 082 |
_a305.42 _bWOM |
||
| 245 | _aWomen and the law I | ||
| 260 |
_aBombay: _bSocio-Legal Information Centre, _c1999 |
||
| 300 | _a1050 p. | ||
| 650 | _aWOMEN-Law | ||
| 700 |
_aChorine, Christine _eed. |
||
| 700 |
_aDesai, Mihir _eed. |
||
| 700 |
_aGonsalves, Colin _eed. |
||
| 942 | _cBK | ||
| 999 |
_c2931 _d2931 |
||